The chronicles of narnia : (Record no. 10711)
[ view plain ]
| 000 -LEADER | |
|---|---|
| fixed length control field | 00680nam a22002177a 4500 |
| 003 - CONTROL NUMBER IDENTIFIER | |
| control field | PILC |
| 005 - DATE AND TIME OF LATEST TRANSACTION | |
| control field | 20160112114650.0 |
| 008 - FIXED-LENGTH DATA ELEMENTS--GENERAL INFORMATION | |
| fixed length control field | 121123t xxu||||| |||| 00| 0 eng d |
| 020 ## - INTERNATIONAL STANDARD BOOK NUMBER | |
| International Standard Book Number | 0590254766 |
| 050 ## - LIBRARY OF CONGRESS CALL NUMBER | |
| Classification number | PZ 7 |
| Item number | .L54874Li 1950 |
| 082 ## - DEWEY DECIMAL CLASSIFICATION NUMBER | |
| Classification number | FIC |
| Item number | L58cn 1994 |
| 100 ## - MAIN ENTRY--PERSONAL NAME | |
| Personal name | Lewis, C. S. |
| 9 (RLIN) | 6322 |
| 245 ## - TITLE STATEMENT | |
| Title | The chronicles of narnia : |
| Remainder of title | the lion, the witch and the wardrobe / |
| Statement of responsibility, etc | C. S. Lewis. |
| 260 ## - PUBLICATION, DISTRIBUTION, ETC. (IMPRINT) | |
| Place of publication, distribution, etc | New York : |
| Name of publisher, distributor, etc | Harper Trophy, |
| Date of publication, distribution, etc | 1994. |
| 300 ## - PHYSICAL DESCRIPTION | |
| Extent | 206 p. ; |
| Dimensions | 17 cm. |
| Other physical details | ill. ; |
| 650 ## - SUBJECT ADDED ENTRY--TOPICAL TERM | |
| Topical term or geographic name as entry element | Narnia ( Imaginary place ), Juvenile fiction. |
| 9 (RLIN) | 3293 |
| 650 ## - SUBJECT ADDED ENTRY--TOPICAL TERM | |
| Topical term or geographic name as entry element | Fantastic fiction. |
| 9 (RLIN) | 4901 |
| 650 ## - SUBJECT ADDED ENTRY--TOPICAL TERM | |
| Topical term or geographic name as entry element | Children's stories. |
| 9 (RLIN) | 3210 |
| 942 ## - ADDED ENTRY ELEMENTS (KOHA) | |
| Source of classification or shelving scheme | Library of Congress Classification |
| Koha item type | Books |
| Withdrawn status | Lost status | Source of classification or shelving scheme | Damaged status | Home library | Current library | Shelving location | Date acquired | Total Checkouts | Full call number | Barcode | Date last seen | Copy number | Price effective from | Koha item type | Total Renewals | Date checked out |
|---|---|---|---|---|---|---|---|---|---|---|---|---|---|---|---|---|
| Library of Congress Classification | Luxembourg Library | Luxembourg Library | Fiction Section | 09/09/2013 | PZ 7 .L54874Li 1951 | 18969 | 02/04/2015 | 1 | 09/09/2013 | Books | ||||||
| Library of Congress Classification | Luxembourg Library | Luxembourg Library | Fiction Section | 09/09/2013 | PZ 7 .L54874Li 1951 | 12874 | 02/04/2015 | 2 | 09/09/2013 | Books | ||||||
| Library of Congress Classification | Luxembourg Library | Luxembourg Library | Fiction Section | 09/09/2013 | 1 | PZ 7 .L54874Li 1951 | 12872 | 05/21/2024 | 3 | 09/09/2013 | Books | 2 | 02/14/2020 | |||
| Library of Congress Classification | Luxembourg Library | Luxembourg Library | Fiction Section | 09/09/2013 | 1 | PZ 7 .L54874Li 1951 | 18835 | 08/18/2017 | 4 | 09/09/2013 | Books | 08/18/2017 | ||||
| Library of Congress Classification | Luxembourg Library | Luxembourg Library | Fiction Section | 09/09/2013 | 1 | PZ 7 .L54874Li 1951 | 18970 | 01/19/2018 | 5 | 10/03/2013 | Books | 01/18/2018 | ||||
| Library of Congress Classification | Luxembourg Library | Luxembourg Library | Fiction Section | 09/09/2013 | PZ 7 .L54874Li 1951 | 17053 | 09/09/2013 | 6 | 09/09/2013 | Books | ||||||
| Library of Congress Classification | Luxembourg Library | Luxembourg Library | Fiction Section | 09/09/2013 | PZ 7 .L54874Li 1951 | 12875 | 11/07/2015 | 7 | 09/09/2013 | Books | ||||||
| Library of Congress Classification | Luxembourg Library | Luxembourg Library | Fiction Section | 09/09/2013 | 3 | PZ 7 .L54874Li 1951 | 18971 | 09/24/2025 | 8 | 09/09/2013 | Books | 09/18/2025 | ||||
| Library of Congress Classification | Luxembourg Library | Luxembourg Library | Fiction Section | 09/16/2013 | 3 | PZ 7 .L54874Li 1950 | 14029 | 02/18/2020 | 1 | 09/16/2013 | Books | 1 | 02/13/2020 |